Reading, writing and analysing judgments : (Record no. 5530)

MARC details
000 -LEADER
fixed length control field 01150cam a2200373Ia 4500
001 - CONTROL NUMBER
control field ocm71853132
003 - CONTROL NUMBER IDENTIFIER
control field OCoLC
005 - DATE AND TIME OF LATEST TRANSACTION
control field 20200505172753.0
008 - FIXED-LENGTH DATA ELEMENTS--GENERAL INFORMATION
fixed length control field 061005s2006 enk b 001 0 eng d
020 ## - INTERNATIONAL STANDARD BOOK NUMBER
International Standard Book Number 1858113660
020 ## - INTERNATIONAL STANDARD BOOK NUMBER
International Standard Book Number 9781858113661
035 ## - SYSTEM CONTROL NUMBER
System control number (OCoLC)71853132
040 ## - CATALOGING SOURCE
Original cataloging agency CVU
Language of cataloging eng
Transcribing agency TZ-ArACH
043 ## - GEOGRAPHIC AREA CODE
Geographic area code e-uk---
049 ## - LOCAL HOLDINGS (OCLC)
Holding library TZAA
050 #4 - LIBRARY OF CONGRESS CALL NUMBER
Classification number KD7562
Item number .G66
100 1# - MAIN ENTRY--PERSONAL NAME
Personal name Goodman, Andrew,
Titles and other words associated with a name LL. B.
245 10 - TITLE STATEMENT
Title Reading, writing and analysing judgments :
Remainder of title how judges decide cases /
Statement of responsibility, etc Andrew Goodman.
246 30 - VARYING FORM OF TITLE
Title proper/short title How judges decide cases
250 ## - EDITION STATEMENT
Edition statement Student ed.
260 ## - PUBLICATION, DISTRIBUTION, ETC. (IMPRINT)
Place of publication, distribution, etc St. Albans :
Name of publisher, distributor, etc XPL Law,
Date of publication, distribution, etc 2006.
300 ## - PHYSICAL DESCRIPTION
Extent xvi, 234 pages ;
Dimensions 24 cm
504 ## - BIBLIOGRAPHY, ETC. NOTE
Bibliography, etc Includes bibliographical references (pages 229-231) and index.
650 #0 - SUBJECT ADDED ENTRY--TOPICAL TERM
Topical term or geographic name as entry element Judgments
Geographic subdivision Great Britain.
650 #0 - SUBJECT ADDED ENTRY--TOPICAL TERM
Topical term or geographic name as entry element Judicial process
Geographic subdivision Great Britain.
650 #0 - SUBJECT ADDED ENTRY--TOPICAL TERM
Topical term or geographic name as entry element Legal composition.
650 #0 - SUBJECT ADDED ENTRY--TOPICAL TERM
Topical term or geographic name as entry element Practice of law
Geographic subdivision Great Britain.
650 #7 - SUBJECT ADDED ENTRY--TOPICAL TERM
Topical term or geographic name as entry element Judgments.
Source of heading or term fast
9 (RLIN) 3965
650 #7 - SUBJECT ADDED ENTRY--TOPICAL TERM
Topical term or geographic name as entry element Judicial process.
Source of heading or term fast
650 #7 - SUBJECT ADDED ENTRY--TOPICAL TERM
Topical term or geographic name as entry element Legal composition.
Source of heading or term fast
650 #7 - SUBJECT ADDED ENTRY--TOPICAL TERM
Topical term or geographic name as entry element Practice of law.
Source of heading or term fast
651 #7 - SUBJECT ADDED ENTRY--GEOGRAPHIC NAME
Geographic name Great Britain.
Source of heading or term fast
942 ## - ADDED ENTRY ELEMENTS (KOHA)
Source of classification or shelving scheme Library of Congress Classification
Koha item type Books
Holdings
Home library Current library Date acquired Full call number Barcode Koha item type
African Court on Human and Peoples' Rights Library African Court on Human and Peoples' Rights Library 05/05/2020 KD7562 .G66 1020492X Books
African Court on Human and Peoples' Rights Library African Court on Human and Peoples' Rights Library 05/05/2020 KD7562 .G66 10204938 Books

African Court on Human and Peoples' Rights | For Inquiries Contact » +255 272 510 510